Billboard Hot 100 #1 Hits of 2022 - Statistics

General Stats
  • This quiz has been taken 27 times
  • The average score is 38 of 53
Answer Stats
Issue Date #1 Hit Artist % Correct
January 1 All I Want for Christmas Is You Mariah Carey
96%
January 8 All I Want for Christmas Is You Mariah Carey
96%
December 17 All I Want for Christmas Is You Mariah Carey
96%
December 24 All I Want for Christmas Is You Mariah Carey
96%
December 31 All I Want for Christmas Is You Mariah Carey
96%
February 5 We Don't Talk About Bruno Encanto cast
91%
February 12 We Don't Talk About Bruno Encanto cast
91%
February 19 We Don't Talk About Bruno Encanto cast
91%
February 26 We Don't Talk About Bruno Encanto cast
91%
March 5 We Don't Talk About Bruno Encanto cast
91%
March 12 Heat Waves Glass Animals
83%
March 19 Heat Waves Glass Animals
83%
March 26 Heat Waves Glass Animals
83%
April 2 Heat Waves Glass Animals
83%
April 9 Heat Waves Glass Animals
83%
April 16 As It Was Harry Styles
78%
April 30 As It Was Harry Styles
78%
May 7 As It Was Harry Styles
78%
June 4 As It Was Harry Styles
78%
June 11 As It Was Harry Styles
78%
June 18 As It Was Harry Styles
78%
June 25 As It Was Harry Styles
78%
July 9 As It Was Harry Styles
78%
July 16 As It Was Harry Styles
78%
July 23 As It Was Harry Styles
78%
September 3 As It Was Harry Styles
78%
September 10 As It Was Harry Styles
78%
September 17 As It Was Harry Styles
78%
September 24 As It Was Harry Styles
78%
October 1 As It Was Harry Styles
78%
January 15 Easy on Me Adele
78%
January 22 Easy on Me Adele
78%
January 29 Easy on Me Adele
78%
October 29 Unholy Sam Smith & Kim Petras
78%
November 5 Anti-Hero Taylor Swift
65%
November 12 Anti-Hero Taylor Swift
65%
November 19 Anti-Hero Taylor Swift
65%
November 26 Anti-Hero Taylor Swift
65%
December 3 Anti-Hero Taylor Swift
65%
December 10 Anti-Hero Taylor Swift
65%
April 23 First Class Jack Harlow
57%
May 21 First Class Jack Harlow
57%
May 28 First Class Jack Harlow
57%
July 30 About Damn Time Lizzo
52%
August 6 About Damn Time Lizzo
52%
October 8 Bad Habit Steve Lacy
48%
October 15 Bad Habit Steve Lacy
48%
October 22 Bad Habit Steve Lacy
48%
August 13 Break My Soul Beyoncé
43%
August 20 Break My Soul Beyoncé
43%
August 27 Super Freaky Girl Nicki Minaj
43%
May 14 Wait for U Future ft. Drake and Tems
22%
July 2 Jimmy Cooks Drake ft. 21 Savage
13%
No matching quizzes found
Score Distribution
Percent of People with Each Score
Percentile by Number Answered
Your Score History
You have not taken this quiz